00846cam a2200205 a 450000100100000000500170001000800410002704000290006808200210009724500780011826000640019630000240026065000720028465000640035670000350042091000340045504900090048995201250049899900170062300001402520200929163436.0710510s1971 mau b 001 0 eng  aDO-SdBNPbengcLCdBNPHU a325.260973bI19b14aThe ideology of blackness /cedición e introducción Raymond F. Betts. aLexington, Massachusetts :bD. C. Heath and Company,c1971. ax, 212 p. ;c23 cm. 4aAfroamericanosxEmigración e inmigraciónzEstados Unidos931740 4aNegrosxEmigración e inmigraciónzEstados Unidos9317411 aBetts, Raymond F.,eed.931742 aCatalogación por copia / LC aBNGR 001052708MOaGRbGRcCTd2009-12-02iLF1l0o325.260973 I19bp14025-10r2020-06-25w2020-06-25y2ZPréstamo interno c13628d13628